यह अंत नहीं / (Record no. 157573)
[ view plain ]
| 000 -LEADER | |
|---|---|
| fixed length control field | 00980nam a22002657a 4500 |
| 003 - CONTROL NUMBER IDENTIFIER | |
| control field | dpl |
| 005 - DATE AND TIME OF LATEST TRANSACTION | |
| control field | 20180922124115.0 |
| 008 - FIXED-LENGTH DATA ELEMENTS--GENERAL INFORMATION | |
| fixed length control field | 180919b ||||| |||| 00| 0 eng d |
| 010 ## - LIBRARY OF CONGRESS CONTROL NUMBER | |
| LC control number | B-001005 |
| 020 ## - INTERNATIONAL STANDARD BOOK NUMBER | |
| Terms of availability | 250.00 |
| 035 ## - SYSTEM CONTROL NUMBER | |
| System control number | B-001005, B-000980 |
| 037 ## - SOURCE OF ACQUISITION | |
| Source of stock number/acquisition | BPPD/PUB |
| 040 ## - CATALOGING SOURCE | |
| Original cataloging agency | DPL |
| Language of cataloging | HN |
| Transcribing agency | 0 |
| 082 ## - DEWEY DECIMAL CLASSIFICATION NUMBER | |
| Classification number | उ |
| Item number | मिथिले |
| 100 ## - MAIN ENTRY--PERSONAL NAME | |
| Personal name | मिथिलेश्वर |
| 9 (RLIN) | 43304 |
| 245 ## - TITLE STATEMENT | |
| Title | यह अंत नहीं / |
| Statement of responsibility, etc | मिथिलेश्वर |
| 260 ## - PUBLICATION, DISTRIBUTION, ETC. (IMPRINT) | |
| Place of publication, distribution, etc | नयी दिल्ली |
| Name of publisher, distributor, etc | प्रकाश |
| Date of publication, distribution, etc | 2000 |
| 270 ## - ADDRESS | |
| Address | 24, अंसारी रोड, दरयागंज |
| City | नयी दिल्ली |
| Postal code | 110002 |
| 300 ## - PHYSICAL DESCRIPTION | |
| Extent | 391पृष्ठ. |
| Dimensions | 22सेमी(सजिल्द) |
| 650 ## - SUBJECT ADDED ENTRY--TOPICAL TERM | |
| Topical term or geographic name as entry element | हिंदी साहित्य |
| 9 (RLIN) | 85054 |
| 650 ## - SUBJECT ADDED ENTRY--TOPICAL TERM | |
| Topical term or geographic name as entry element | हिंदी उपन्यास |
| 9 (RLIN) | 85055 |
| 650 ## - SUBJECT ADDED ENTRY--TOPICAL TERM | |
| Topical term or geographic name as entry element | Hindi literature |
| 9 (RLIN) | 85056 |
| 650 ## - SUBJECT ADDED ENTRY--TOPICAL TERM | |
| Topical term or geographic name as entry element | Hindi novel |
| 9 (RLIN) | 85057 |
| 942 ## - ADDED ENTRY ELEMENTS (KOHA) | |
| Source of classification or shelving scheme | Dewey Decimal Classification |
| Koha item type | Hindi Books |
| Classification part | उ |
| Call number suffix | मिथिले |
| Withdrawn status | Lost status | Source of classification or shelving scheme | Damaged status | Not for loan | Collection code | Home library | Current library | Date acquired | Source of acquisition | Cost, normal purchase price | Total Checkouts | Full call number | Barcode | Date last seen | Cost, replacement price | Price effective from | Koha item type |
|---|---|---|---|---|---|---|---|---|---|---|---|---|---|---|---|---|---|
| Dewey Decimal Classification | Fiction | Shahdara Branch | Shahdara Branch | 19/09/2018 | BPPD/PUB | 250.00 | उ मिथिले | B-001005 | 19/09/2018 | 250.00 | 19/09/2018 | Hindi Books | |||||
| Dewey Decimal Classification | Fiction | Shahdara Branch | Shahdara Branch | 22/09/2018 | BPPD/PUB | 250.00 | उ मिथिले | B-000980 | 22/09/2018 | 250.00 | 22/09/2018 | Hindi Books |
